| 000 | 01088nam a22002657a 4500 | ||
|---|---|---|---|
| 999 |
_c63494 _d63494 |
||
| 005 | 20240530110644.0 | ||
| 008 | 171105s2015 ua ak g b 000 0dara d | ||
| 017 |
_a2015/1670 _bمصر. دار الكتب |
||
| 020 | _a9789777220767 | ||
| 040 |
_aEG-CaGPL _cEG-CaGPL |
||
| 082 | 0 | 4 |
_221 _a658.562 / _bم إ |
| 100 | 0 | _aمدحت محمد محمود ابو النصر | |
| 245 | 1 | 0 |
_aادارة الجودة الشاملة : _bاستراتيجية كايزن اليابانية لتطوير المنظمات / _cتاليف مدحت محمد محمود ابو النصر |
| 250 | _aط.1 | ||
| 260 |
_aالقاهرة : _bالمجموعة العربية للتدريب و النشر ، _c2015. |
||
| 300 |
_a213 ص. : _bايض ؛ _c24 سم. |
||
| 504 | _aيشتمل على ارجاعات ببليوجرافية | ||
| 650 | 0 | 7 |
_2qrmak _aضبط الجودة |
| 650 | 0 | 7 |
_2qrmak _aجودة الانتاج |
| 650 | 0 | 7 |
_2qrmak _aالرقابة الصناعية |
| 650 | 0 | 7 |
_2qrmak _aالمراقبة |
| 651 | _2qrmak | ||
| 942 |
_2ddc _cBK |
||